|
|
|
|
| LEADER |
00000nam a2200000 a 4500 |
| 001 |
vtls008935372 |
| 003 |
SK-MaSNL |
| 005 |
20260301124703.0 |
| 008 |
240318s2006 xo d p 000 0 slo |
| 015 |
|
|
|a SNBA2007/04-01208
|
| 020 |
|
|
|a 8022321702
|q (brož.)
|
| 035 |
|
|
|a 95ABEA55-ECE7-4D36-B38F-0A16395D13D9
|
| 035 |
|
|
|a urn:nbn:sk:snk-amkswp
|
| 035 |
|
|
|a urn:nbn:sk:snk-am00572a
|
| 040 |
|
|
|a SNK
|b slo
|c SNK
|e AACR2
|
| 041 |
0 |
|
|a slo
|
| 044 |
|
|
|a xo
|c SK
|
| 072 |
|
7 |
|a 27
|x Kresťanstvo. Kresťanská cirkev všeobecne. Ekleziológia
|2 konspekt
|
| 072 |
|
7 |
|a 930.85
|x Dejiny civilizácie. Kultúrne dejiny
|2 konspekt
|
| 080 |
|
|
|a 27
|2 2001
|
| 080 |
|
|
|a 930.85(37/38)
|2 2001
|
| 080 |
|
|
|a 27-662:3
|2 2001
|
| 080 |
|
|
|a 27-662:316.74
|2 2001
|
| 080 |
|
|
|a 27-9
|2 2001
|
| 080 |
|
|
|a (075.8)
|2 2001
|
| 100 |
1 |
|
|a Judák, Viliam,
|d 1957-
|4 aut
|9 226448
|
| 245 |
1 |
0 |
|a Kresťanstvo v antickom svete
|c Viliam Judák
|
| 250 |
|
|
|a 1. vyd.
|
| 260 |
|
|
|a Bratislava
|b Univerzita Komenského
|c 2006
|
| 300 |
|
|
|a 112 s.
|c 29 cm
|
| 366 |
|
|
|e 250 výtl.
|
| 500 |
|
|
|a Zoz. pápežov, cisárov
|
| 504 |
|
|
|a Bibliogr. s. 111-112
|
| 650 |
0 |
7 |
|a kresťanstvo
|2 SNKPH
|9 2024
|
| 650 |
0 |
7 |
|a antika
|2 SNKPH
|9 18862
|
| 650 |
0 |
7 |
|a kresťanstvo a spoločnosť
|2 SNKPH
|9 4227
|
| 650 |
0 |
7 |
|a kresťanstvo a kultúra
|2 SNKPH
|9 66884
|
| 650 |
0 |
7 |
|a cirkevné dejiny
|2 SNKPH
|9 3909
|
| 655 |
|
7 |
|a učebnice vysokých škôl
|2 SNKPH
|9 70191
|
| 919 |
|
|
|a 80-223-2170-2
|
| 958 |
|
|
|a OND
|
| 958 |
|
|
|a NB
|
| 958 |
|
|
|a NT
|
| 968 |
|
|
|d 2
|
| 999 |
|
|
|c 740149
|d 742079
|
| 952 |
|
|
|a SNK
|b SNK
|y PREZ
|7 0
|p 17A0537547
|o snkSB 73599
|i snk2007/1198
|8 0
|0 0
|1 0
|4 0
|d 2007-01-15
|l 0
|r 2025-04-24 00:00:00
|w 2026-02-23
|
| 952 |
|
|
|a SNK
|b SNK
|y VYP
|7 0
|p 17A0537546
|o snkSB 73599 D1
|i snk2007/1199
|8 0
|0 0
|1 0
|4 0
|d 2007-01-15
|l 0
|r 2016-06-30 00:00:00
|w 2026-02-23
|